Tilastot visalle Mikä sana on keskellä? #10

Klikkaa tästä pelataksesi tätä visaa!

Yleistilastot

  • Tätä visaa on pelattu 109 kertaa
  • Keskiarvotulos 7 / 14

Vastaustilastot

Sana edessä?Sana?Sana takana% Oikein
pehmolelukauppa
90%
kahvakuulakärki
85%
lapsivesihana
80%
reisilihaskimppu
75%
kirjolohikeitto
75%
hautakivikasvo
65%
puukauhakuormaaja
41%
huvikumpupilvi
34%
maalaustaidevarkaus
30%
asuntomurtovaras
26%
uuniperunateatteri
25%
keittolevyseppä
21%
vesiputkimies
13%
käsityöpaikka
13%

Tulosjakauma

Persentiili vastausten määrän mukaan

Jokaisen tuloksen saaneiden osuus

Tuloshistoriasi

Et ole pelannut tätä visaa